000
00285 a2200085 4500
020
_a
9780857939982
100
_a
Daniel A. Mazmanian and Hilda Blanco (Editor)
245
_a
Elgar Companion to Sustainable Cities: Strategies, Methods and Outlook
260
_b
Edward Elgar Publishing Ltd
_c
2014
999
_c
13108
_d
13108